Países más cercanos a Serbia - Estadísticas

Estadísticas generales
  • Esta prueba ha sido intentada 130 veces
    96 desde el último reinicio
  • La puntuación promedio es 19 de 20
Estadísticas de respuestas
km país % Correcto
0 Bosnia y Herzegovina
100%
0 Croacia
100%
189 Eslovaquia
100%
187 Eslovenia
100%
0 Bulgaria
99%
0 Kosovo
99%
0 República de Macedonia
99%
311 Italia
98%
114 Grecia
96%
0 Hungría
96%
0 Montenegro
96%
0 Rumania
96%
218 Austria
95%
38 Albania
94%
284 Ucrania
94%
435 Moldavia
89%
485 Alemania
88%
333 Chequia
88%
334 Polonia
88%
313 Turquía
88%
No se encontraron pruebas coincidentes
Distribución de puntuación
Porcentaje de gente con cada puntuación
Porcentaje por número respondido
Historial de tus puntuaciones
No has intentado esta prueba desde el último reinicio